| 000 | 00580nam a2200193Ia 4500 | ||
|---|---|---|---|
| 003 | OSt | ||
| 005 | 20240318141643.0 | ||
| 008 | 210210b2000 xxu||||| |||| 00| 0 eng d | ||
| 040 | _cAL | ||
| 041 | _aKannada | ||
| 082 | _aK894.308 SUMS | ||
| 100 |
_aSUMATI PANGAL. _d ಸುಮತಿ ಪಾಂಗಾಳ _9155170 |
||
| 245 |
_aShantavada kola: katha sankalana. _bಶಾಂತವಾದ ಕೊಳ : ಕಥಾ ಸಂಕಲನ |
||
| 260 |
_aKinnigoli _bYugapurusha Prakatanalaya _c2000 |
||
| 300 | _a120 | ||
| 690 |
_aKannada Fiction _9155171 |
||
| 906 | _a038258 | ||
| 942 |
_2ddc _cBK |
||
| 999 |
_c88326 _d88326 |
||